<?xml version="1.0" encoding="UTF-8"?>
<collection xmlns:xsi="http://www.w3.org/2001/XMLSchema-instance" xsi:schemaLocation="http://www.loc.gov/MARC21/slim http://www.loc.gov/standards/marcxml/schema/MARC21slim.xsd" xmlns="http://www.loc.gov/MARC21/slim">
 <record>
  <leader>00000cam a22000004i 4500</leader>
  <controlfield tag="001">UP-99796217613924628</controlfield>
  <controlfield tag="003">Buklod</controlfield>
  <controlfield tag="005">20211207230954.0</controlfield>
  <controlfield tag="006">a     r    |||| u|</controlfield>
  <controlfield tag="007">ta</controlfield>
  <controlfield tag="008">211207s2019    xx     d     r    |||| u|</controlfield>
  <datafield tag="020" ind1=" " ind2=" ">
   <subfield code="a">9780198834663 (hardback)</subfield>
  </datafield>
  <datafield tag="035" ind1=" " ind2=" ">
   <subfield code="a">(iLib)UPD-00533071765</subfield>
  </datafield>
  <datafield tag="040" ind1=" " ind2=" ">
   <subfield code="a">YDX</subfield>
   <subfield code="d">DCAL</subfield>
   <subfield code="e">rda</subfield>
  </datafield>
  <datafield tag="041" ind1=" " ind2=" ">
   <subfield code="a">eng</subfield>
  </datafield>
  <datafield tag="042" ind1=" " ind2=" ">
   <subfield code="a">DMLUC</subfield>
  </datafield>
  <datafield tag="090" ind1=" " ind2=" ">
   <subfield code="a">PR 525 M85</subfield>
   <subfield code="b">T78 2019</subfield>
  </datafield>
  <datafield tag="100" ind1="1" ind2=" ">
   <subfield code="a">Trudell, Scott A.</subfield>
   <subfield code="d">1980-</subfield>
   <subfield code="e">author.</subfield>
  </datafield>
  <datafield tag="245" ind1="1" ind2="0">
   <subfield code="a">Unwritten poetry</subfield>
   <subfield code="b">song, performance, and media in early modern England</subfield>
   <subfield code="c">Scott A. Trudell.</subfield>
  </datafield>
  <datafield tag="250" ind1=" " ind2=" ">
   <subfield code="a">First edition.</subfield>
  </datafield>
  <datafield tag="264" ind1=" " ind2="1">
   <subfield code="a">Oxford</subfield>
   <subfield code="b">Oxford University Press</subfield>
   <subfield code="c">2019.</subfield>
  </datafield>
  <datafield tag="300" ind1=" " ind2=" ">
   <subfield code="a">viii, 247 pages</subfield>
   <subfield code="b">illustrations</subfield>
   <subfield code="c">25 cm</subfield>
  </datafield>
  <datafield tag="336" ind1=" " ind2=" ">
   <subfield code="a">text</subfield>
   <subfield code="2">rdacontent</subfield>
  </datafield>
  <datafield tag="336" ind1=" " ind2=" ">
   <subfield code="a">still image</subfield>
   <subfield code="2">rdacontent</subfield>
  </datafield>
  <datafield tag="337" ind1=" " ind2=" ">
   <subfield code="a">unmediated</subfield>
   <subfield code="2">rdamedia</subfield>
  </datafield>
  <datafield tag="338" ind1=" " ind2=" ">
   <subfield code="a">volume</subfield>
   <subfield code="2">rdacarrier</subfield>
  </datafield>
  <datafield tag="490" ind1="0" ind2=" ">
   <subfield code="a">Oxford scholarship online.</subfield>
  </datafield>
  <datafield tag="504" ind1=" " ind2=" ">
   <subfield code="a">Includes bibliographical references (pages [211]-236) and index.</subfield>
  </datafield>
  <datafield tag="505" ind1="0" ind2=" ">
   <subfield code="a">List of illustrations -- Note on abbreviations and conventions. Introduction. 1 Philip Sidney and musical poesis : Redefining poetry: mediation in Sidney's &quot;Defence&quot; -- &quot;Theatre public&quot;: performance and &quot;Communio&quot; in Sidney's &quot;Arcadia&quot; -- Musical experimentation: William Byrd, &quot;Astrophil and Stella,&quot; and Sidneian song -- Echoes of Sidney: the lute song movement and bibliographic performance. 2 Child singers' mediated bodies : Musical abuse: the case of Richard Edwards -- Naughty &quot;Putti&quot;: John Marston's unsettling choristers -- Jonson's cracks: attenuated bodies in &quot;Cynthia's Revels&quot; and &quot;Epicene&quot;. 3 Shakespeare's musical thresholds : &quot;Twelfth Night&quot; and musical paratext -- Performing objects in &quot;A Midsummer Night's Dream&quot; -- &quot;More than matter&quot;: Ophelia's Orphic song. 4 John Milton and musical abjection : Song and evanescence in &quot;A Maske Presented at Ludlow Castle&quot; -- Milton and the cavaliers: Henry Lawes, Alice Egerton, and interregnum song -- &quot;HIdeous noise&quot;: performance anxiety in &quot;Samson Agonistes&quot; and &quot;Paradise Lost&quot;. Lost: Spenser and the uninvention of literature. Works cited -- Index.</subfield>
  </datafield>
  <datafield tag="520" ind1=" " ind2=" ">
   <subfield code="a">This book reveals the impact of vocalists and composers upon the poetic culture of early modern England by studying the media through which - and by whom - its songs were made. In a literary field that was never confined to writing, media were not limited to material texts. The author argues that the media of Renaissance poetry can be conceived as any node of transmission from singer's larynx to actor's body. Through his study of song, the author outlines a new approach to Renaissance poetry and drama that is grounded not simply in performance history or book history but in a more synthetic media history.</subfield>
  </datafield>
  <datafield tag="650" ind1=" " ind2="0">
   <subfield code="a">English poetry</subfield>
   <subfield code="y">Early modern, 1500-1700</subfield>
   <subfield code="x">History and criticism.</subfield>
  </datafield>
  <datafield tag="650" ind1=" " ind2="0">
   <subfield code="a">Music and literature</subfield>
   <subfield code="z">England.</subfield>
  </datafield>
  <datafield tag="650" ind1=" " ind2="0">
   <subfield code="a">English poetry</subfield>
   <subfield code="x">Early modern.</subfield>
  </datafield>
  <datafield tag="650" ind1=" " ind2="0">
   <subfield code="a">Music and literature.</subfield>
  </datafield>
  <datafield tag="905" ind1=" " ind2=" ">
   <subfield code="a">FO</subfield>
  </datafield>
  <datafield tag="852" ind1="0" ind2=" ">
   <subfield code="a">UPD</subfield>
   <subfield code="b">DCAL</subfield>
   <subfield code="h">PR 525 M85</subfield>
   <subfield code="i">T78 2019</subfield>
  </datafield>
  <datafield tag="942" ind1=" " ind2=" ">
   <subfield code="a">Book</subfield>
  </datafield>
 </record>
</collection>
